Dictionnaire d'archéologie chrétienne et de liturgie

Enregistré dans:
Détails bibliographiques
Auteurs principaux: Cabrol, Fernand (Auteur), Leclercq, Henri (Auteur)
Format: Livre
Langue:français
Publié: París Letouzey et Ané 1927
Sujets:
Tags: Ajouter un tag
Pas de tags, Soyez le premier à ajouter un tag!

MARC

LEADER 00000nam a2200000 a 4500
001 UCK3746
003 CL-VaPUC
008 050506e19270000FR |||||||||||||||||fre|d
082 0 4 |a 230.03  |b CAB  |2 21 
100 |a Cabrol, Fernand  |e author  |9 491775 
700 |a Leclercq, Henri  |e author  |9 492048 
245 1 0 |a Dictionnaire d'archéologie chrétienne et de liturgie 
300 |a v 
942 |c BK 
945 |d 20050506 00:00:00  |a jcarroza 
260 |a París  |b Letouzey et Ané  |c 1927 
650 0 |a Teología cristiana  |9 308336 
650 0 |a Diccionarios  |9 256200 
650 0 |a Cristianismo  |9 257361 
650 7 |a LITURGIA  |2 CL-VaPUC  |9 492037 
650 7 |a CRISTIANISMO ANTIGUO  |2 CL-VaPUC  |9 492038 
650 0 |a Arqueología   |9 265619 
583 |a last modification  |c 20050506 00:00:00  |k Rodrigo Vera 
999 |c 312840  |d 312838 
952 |0 0  |1 0  |4 0  |6 230_030000000000000_CAB_1927  |7 0  |8 F  |9 383682  |a BIBTEO  |b BIBTEO  |d 2019-11-21  |h v.7 p.2  |i 4112121  |o 230.03 CAB 1927  |p 4112121  |r 2025-01-17  |w 2019-11-21  |y BK_F  |k ICR